[Event "RUS-Cup06"]
[Site "Nizhnij Novgorod"]
[Date "1998.07.06"]
[Round "8"]
[White "Filippov, Valerij"]
[Black "Balashov, Yuri S"]
[Result "1/2-1/2"]
[WhiteElo "2595"]
[BlackElo "2555"]
[Annotator "Ribli,Z"]
[PlyCount "68"]
[EventDate "1998.06.29"]
[EventType "swiss"]
[EventRounds "9"]
[EventCountry "RUS"]
[SourceTitle "EXT 2000"]
[Source "ChessBase"]
[SourceDate "1999.11.16"]
[SourceVersion "1"]
[SourceVersionDate "1999.11.16"]
[SourceQuality "1"]

1. Nf3 c5 2. c4 Nc6 3. d4 cxd4 4. Nxd4 Nf6 5. Nc3 e6 6. g3 Qb6 7. Nb3 d5 $6 {
Dieser Zug gefällt mir nicht. Es ist besser, die unklaren Verwicklungen mit 7..
.Ne5 einzugehen. Nach der Partiefortsetzung bleibt Schwarz mit isoliertem
Bauern auf d5 zurück.} 8. cxd5 Nxd5 9. Nxd5 exd5 {[%csl Rd5]} 10. Bg2 (10. Qxd5
$2 {Für den Bauern bekommt Schwarz mehr als ausreichenden Ersatz.} Be6 $44 {
[%cal Ye6b3,Yf8b4,Ya8d8,Yc6b4,Yc6d4]}) 10... Bb4+ 11. Bd2 Bg4 {Natürlich
tauscht Schwarz nicht von selbst den Läufer mit 11...Bxd2, denn nach 12.Qxd2
bekommt Weiß freies Spiel.} 12. O-O (12. Bxb4 $5 {Ich empfehle diese
Möglichkeit für Weiß. Nach Damentausch gelangt der weiße König nach d2.} Qxb4+
13. Qd2 Qxd2+ 14. Kxd2 {[%csl Gd2]} O-O-O 15. h3 Bh5 16. Rac1 Kb8 17. Nc5 Rd6
18. Rhd1 f6 19. Ke1 Rhd8 20. Rd2 Bf7 21. b3 Ne7 22. Rdc2 $14 {Smyslov-Olafsson,
H/Kobenhavn 1985/1-0 (53)}) (12. Bxd5 $2 Rd8 $17 {[%cal Gd8d1]}) 12... Rd8 (
12... O-O 13. h3 Be6 14. Be3 Qd8 15. Rc1 Re8 16. Nd4 Nxd4 17. Qxd4 Be7 18. Rfd1
Qa5 $13 {[%cal Ye7f6] Li Zunian-Van der Wiel,J/Biel izt/1985/}) (12... O-O-O
13. Rc1 Rhe8 14. Bxb4 Qxb4 15. Qd4 Qxd4 16. Nxd4 Bxe2 17. Rfe1 Bc4 18. Rxe8
Rxe8 19. Nxc6 bxc6 20. b3 $16 {1-0 Tukmakov,V-Veingold,A/USSR 1979 (35)}) 13.
Bxb4 (13. h3 Bh5 14. Bxb4 (14. Be3 d4 15. Bxc6+ bxc6 16. Bxd4 c5 17. Nxc5 Bxc5
18. Qa4+ Kf8 19. Bxc5+ Qxc5 20. Rac1 Qe7 21. Qa5 g5 {0-1 Adorjan-Danner/Lugano
1983 (40)}) 14... Qxb4 15. f4 f6 16. Qe1 Qb6+ 17. Qf2 d4 18. Rfd1 O-O {1/2-1/2
Nikolic,P-Cebalo,M/Novi Sad 1984 (24)}) 13... Qxb4 14. Rc1 {Strategisch steht
Weiß gut, er hat keine Schwächen und der d5-Bauer ist isoliert, aber Schwarz
entfaltet Aktivität. Ich denke, es wäre besser, zuerst die Position der Dame
zu verbessern und erst später mit dem Turm ins Spiel zu kommen.} (14. Qc2 O-O
15. Rfd1 Qc4 16. Rd2 Rfe8 17. e3 g6 18. Rc1 Ne5 19. Rxd5 Qa6 20. Rxd8 Rxd8 21.
h3 Bf3 22. Qc7 Re8 23. Nd4 Bxg2 24. Kxg2 Nd3 25. Qd7 Rf8 26. Rc7 $16 {Smejkal,
J-Cebalo,M/Marseille 1986/1-0 (58)}) 14... O-O $11 {[%csl Rb3] Schwarz hat mit
seinem isolierten Damenbauern ein dauerhaftes strukturelles Problem, aber
seine Figuren stehen ausgezeichnet.} 15. Qd3 (15. Bxd5 {[%cal Gd8d1] Es sollte
gefährlich sein, den d5-Bauern zu nehmen, aber ich sehe keine konkrete
Widerlegung.} Rfe8 $44 {[%cal Gd8d1,Re8e2]} (15... Ne7 16. Rc4 $16 {[%cal
Rc4b4,Rc4g4]} (16. Rc5 b6 17. a3 Qa4 18. Rc4 Qd7 {[%csl Rd1][%cal Rd8d1,Gd7g4]}
)) (15... Bxe2 16. Bxf7+ $16)) 15... Rfe8 16. e3 d4 $1 $13 {Schwarz möchte
nicht unter seinem isolierten Bauern leiden, und opfert einen Bauern für
aktives Figurenspiel.} (16... a5 $6 17. a3 Qd6 18. Qb5 {[%csl Gb5]}) 17. Bxc6 (
17. e4 $2 {[%csl Rd4]} Ne5 {[%csl Rd3,Gd4,Ge5]} 18. Qb1 (18. Qd2 Qxd2 19. Nxd2
Be2 20. Rfe1 Nd3 $19 {[%cal Rd3e1,Rd3c1]}) 18... Be2 19. Rfe1 d3 $17 {[%csl
Gd3,Ge2][%cal Rd3d2]}) 17... bxc6 {[%csl Yf3,Yg2,Gg4,Yh3] Nachdem Weiß seinen
Läufer abgegeben hat, sind die weißen Felder in seinem Lager schwach.} (17...
dxe3 $2 {Dieses Figurenopfer ist nicht korrekt.} 18. Qb5 (18. Bd5 $18) 18...
exf2+ (18... Qxb5 19. Bxb5 $18) 19. Rxf2 (19. Kxf2 Re2+ 20. Kg1 $18) 19... Re1+
20. Rf1 $18) 18. Nxd4 (18. e4 Qb6 $15 {[%csl Rd3,Gd4]} (18... f5 $13 {[%csl
Rd3,Ge8,Gg4]} 19. exf5 $2 Be2 {[%cal Re2d3,Re2f1]})) 18... c5 {[%csl Rd3,Rd4]
[%cal Rd8d3]} 19. Qb3 Qb6 (19... Qxb3 20. Nxb3 $16 {[%csl Rc5]} c4 21. Nd4 {
[%csl Gd4] Weiß hat einen besonders starken Springervorposten auf d4.} (21.
Rxc4 $2 Be2 {[%cal Re2f1,Re2c4]})) 20. Qxb6 $8 (20. Nb5 Be2 {[%cal Re2f1,Re2b5]
}) 20... axb6 $44 {[%csl Rd4,Gd8,Gg4] Schwarz hat eine gesunde Bauernstruktur,
keine Schwächen und besonders sein starkes Spiel auf den weißen Feldern stellt
Konpensation für den geopferten Bauern dar.} 21. Nb3 (21. Nc2 Rd2 $44 {[%csl
Gd2]} (21... Bf3 $44)) 21... Rd3 {[%csl Rb3,Gd3] Schwarz möchte die Türme in
der d-Linie verdoppeln.} 22. Rc2 Red8 {[%cal Gd8d1]} 23. f3 {Dieser Zug
schwächt die weiße Königsstellung, macht aber gleichzeitig auf f2 Platz für
den weißen König.} (23. Kg2 Be6 {[%csl Rb3][%cal Re6b3]} 24. Nc1 Rd2 25. Rxd2
Rxd2 26. b3 b5 $1 $44 (26... c4 27. bxc4 Bxc4 28. Re1 Bxa2 $11)) 23... Be6 {
[%csl Rb3][%cal Re6b3]} 24. Re1 {Weiß kann seinen Mehrbauern nicht mehr halten.
Er gibt das Material zurück und kämpft um Ausgleich.} (24. Nc1 $6 Rxe3 $15)
24... Bxb3 25. axb3 Rxb3 $15 {[%csl Gb3][%cal Gd8d1] Schwarz hat die bessere
Bauernstruktur und seine Türme stehen sehr aktiv. Aber für gewöhnlich bieten
Doppelturmendspiele eine große Remisbreite.} 26. Kf2 f5 27. e4 Rdd3 {[%cal
Rb3f3]} 28. f4 (28. exf5 $2 Rxf3+ 29. Kg2 Rxf5 $17) 28... Rf3+ 29. Kg2 fxe4 30.
Rxe4 Rfe3 31. Ra4 $5 {[%csl Rg8][%cal Ga4a8,Ga8g8] Schwarz scheint nichts
Konkretes auf der 3. Reihe zu erreichen, während Weiß Gegenchancen in der
a-Linie sucht.} (31. Rxe3 Rxe3 $15 {[%csl Rc2,Ge3]}) 31... Kf7 32. Ra7+ Re7 33.
Ra6 $11 {[%csl Rb6] Schwarz besitzt auch eine Schwäche, den Bauern b6. Die
Stellung ist gleich.} h6 34. Kh3 g6 {und es wurde remis vereibart.} (34... g6
35. Rd2 $11) 1/2-1/2

[Event "San Francisco Mechanics"]
[Site "San Francisco"]
[Date "1998.07.14"]
[Round "5"]
[White "Christiansen, Larry Mark"]
[Black "Lobo, Richard"]
[Result "1-0"]
[WhiteElo "2575"]
[BlackElo "2310"]
[Annotator "Ribli,Z"]
[PlyCount "117"]
[EventDate "1998.07.10"]
[EventType "tourn"]
[EventRounds "9"]
[EventCountry "USA"]
[EventCategory "10"]
[SourceTitle "CBM 066"]
[Source "ChessBase"]
[SourceDate "1998.09.30"]
[SourceVersion "1"]
[SourceVersionDate "1998.09.30"]
[SourceQuality "1"]

1. c4 c5 2. Nf3 Nf6 3. Nc3 Nc6 4. d4 cxd4 5. Nxd4 e6 6. g3 Bb4 {Die
Alternative 6...Qb6, die einen besseren Ruf genießt, führt zu lebendigem Spiel.
Eine andere Möglichkeit für Schwarz ist 6...Bc5. Der Textzug ist nicht
schlecht, bietet aber meines Erachtens dem Schwarzen keinen vollen Ausgleich.
Ribli.} 7. Bg2 O-O 8. O-O d5 (8... Qe7 $5 {Ich empfehle diesen Zug für Schwarz.
} 9. Na4 (9. Nc2 $5) 9... d5 10. cxd5 exd5 11. Bg5 h6 12. Bxf6 Qxf6 13. Nc2 Rd8
14. Nxb4 Nxb4 15. Qd2 Nc6 16. Rac1 Bf5 17. Rfd1 Be4 18. Bh3 d4 19. Nc5 $36 {
Ivanchuk,V-Zvjaginsev,V/President's Cup 1998/1/2-1/2 (43)}) 9. cxd5 exd5 {
[%csl Gd4,Rd5] Schwarz hat einen isolierten Damenbauern auf d5. In diesem
Stellungstyp ist es wichtig für Weiß, das schwache Feld vor dem Bauern zu
kontrollieren.} (9... Nxd5 10. Nxd5 exd5 11. Nc2 Be6 12. Nxb4 Nxb4 13. b3 Qb6
14. Bb2 Rfd8 15. Qd2 f6 16. Rfd1 $14 {1-0 Pedersen,S-Nieminen,K/Troll Masters
1994 (39)}) 10. Bf4 $5 $146 {[%csl Gd4,Rd5,Gg2][%cal Gf4b8] Die anderen
Läuferzüge sind auch möglich. Nach der Partiefortsetzung droht Weiß, 11.Rc1
oder eventuell 11.Ndb5 zu spielen.} (10. Be3 Be6 (10... Re8 11. Rc1 Bg4 $1 12.
Qb3 Bxc3 13. Rxc3 Nxd4 14. Bxd4 Bxe2 15. Rfc1 Ne4 $13 {Portisch,L-Donner,J/
Santa Monica 1966}) 11. Rc1 Qe7 12. Nxc6 bxc6 13. Na4 Qb7 14. Bc5 Bxc5 15. Nxc5
Qb6 16. Qd4 Bf5 17. Rfd1 Rfe8 18. e3 Rac8 $14 {0-1 Langeweg,K-Donner,J/
Amsterdam IBM 1973 (35)}) (10. Bg5 $5 Bxc3 11. bxc3 Be6 12. Rb1 Na5 13. Rb5 a6
14. Bxf6 gxf6 15. Rb4 Rc8 16. e4 dxe4 17. Bxe4 f5 18. Bxf5 Bxf5 19. Nxf5 Qxd1
20. Rxd1 Rxc3 21. Rd7 Rf3 22. Rd5 b5 23. a4 Rb3 24. Rg4+ Kh8 25. Nh6 Nc6 26.
Rf5 {1-0 Kasparov,G-Arlandi,E/Cannes sim 1988}) 10... Bxc3 11. bxc3 {[%csl Rc3,
Rd5] Jetzt sind die Bauernschwächen beiderseitig, aber Weiß besitzt das
Läuferpaar. Der Bauer c3 ist besser verteidigungsfähig als der Bauer auf d5.}
Be6 {Schwarz hat keine Angst vor 12.Nxe6 fxe6, denn so bekommt der Bauer d5
Unterstützung.} 12. Rb1 {[%csl Gb1][%cal Rb1b7]} (12. Qb3 Na5 {[%cal Ga5c4,
Ra5b3]}) 12... Qd7 13. Nxe6 (13. c4 $5 dxc4 (13... Nxd4 14. Qxd4 dxc4 15. Qxd7
Nxd7 16. Rxb7 $14) 14. Nxe6 Qxe6 (14... fxe6 $2 15. Qxd7 Nxd7 16. Rxb7 $16 {
[%csl Gb7,Rc6,Rd7,Gg2]}) 15. Rxb7 $14) 13... fxe6 {Das ist eine typische
Stellung. Weiß besitzt das Läuferpaar, aber der d5-Bauer ist gedeckt.} 14. Qa4
$14 {[%csl Ga4,Gf4,Gg2] Weiß hat keine konkreten Drohungen, aber seine Figuren
sind aktiv. Im folgenden kann er mit c3-c4 das schwarze Bauernzentrum
erschüttern.} Rad8 15. Rbd1 {[%cal Gd1d7]} (15. c4 $5 $14) 15... Qf7 16. c4 e5
(16... d4 $2 17. Bxc6 bxc6 18. Qxc6 $16) 17. Be3 (17. cxd5 Nxd5 18. Bxd5 (18.
Bd2 Nd4 $13 {[%csl Gd4][%cal Rd4e2]}) (18. Bg5 Nc3 {[%csl Gc3][%cal Rc3d1,
Rc3a4,Rc3e2,Re2g1]} 19. Bxd8 Nxa4 20. Bd5 Qxd5 21. Rxd5 Nc3 $19) 18... Rxd5 19.
Rxd5 Qxd5 $11 {Weiß hat die bessere Bauernstruktur, aber Schwarz steht aktiv,
so daß die Schwäche des isolierten Bauern auf e5 nicht ins Gewicht fällt.})
17... dxc4 (17... d4 18. Bg5 $14 {[%csl Yd5,Gg2]} (18. Bc1)) 18. Rc1 Nd4 {
[%cal Rd4e2,Re2c1,Re2g1]} 19. Bxd4 Rxd4 (19... exd4 20. Rxc4 {[%csl Ga4,Gc4,
Rd4,Gg2] Der Bauer d4 ist sehr schwach und Weiß hat lebendiges Figurenspiel.})
20. e3 Rd7 (20... Rd2 21. Rxc4 $14 {[%csl Ga4,Gc4,Gg2]}) 21. Rxc4 (21. Qxa7 $5
b5 22. Qc5 {[%csl Rb5,Gc5,Re5]}) 21... b6 22. Rc2 {Das ist ein kleiner, aber
typischer Großmeister-Zug. Weiß verteidigt die zweite Reihe, den a2-Bauern und
bereitet die Verdoppelung der Türme in der c-Linie vor.} Kh8 23. Qb5 {[%csl
Gb5][%cal Rb5e5] Die weiße Dame kontrolliert von b5 aus den kompletten
schwarzen Damenflügel.} Qe7 24. h3 {Weiß verbessert seine Stellung mit kleinen
Bauernzügen. Der Textzug verhindert den eventuellen Springerzug ...Ng4 und für
alle Fälle schafft sich der Weiße ein Luftloch auf h2 für den König.} h6 25. a4
Rc7 26. Rd2 {[%cal Gd2d8]} (26. Rfc1 Rfc8) 26... Rc5 (26... Rd8 $2 27. Rxd8+
Qxd8 28. Qxe5 $16) 27. Qd3 {[%csl Gg2][%cal Gd2d8] Weiß entfaltet
positionellen Druck über die d-Linie.} Rfc8 28. Rfd1 e4 {[%csl Rg2] Jetzt ist
der weiße Läufer von der langen Diagonalen ausgesperrt.} 29. Qa3 {Weiß hat nur
einen kleinen Vorteil. Der Bauer e4 ist immer schwach, obwohl er zunächst gut
verteidigt ist, und auch die schwarze Königsstellung weist Schwächen auf.} Re5
$6 {Meines Erachtens sollte Schwarz die Damen auf dem Brett behalten.} (29...
Qe8 {[%cal Ge8a4]}) 30. Qxe7 Rxe7 31. Bf1 $1 {[%csl Gf1][%cal Gf1a6] Der
Läufer hat auf g2 keine Zukunft und strebt nach a6.} Rec7 32. Ba6 {[%csl Ga6]
[%cal Ra6c8]} Re8 33. Kg2 Kh7 34. g4 {Ein Raumgewinnzug. Weiß kann im
folgenden Kg2-g3-f4 spielen und die Schwäche des Bauerns e4 wird spürbar.} Re5
35. Rd4 {[%csl Gd4,Re4][%cal Gd1d8]} h5 36. Kg3 hxg4 37. hxg4 Kg6 (37... Rg5
38. Be2 (38. f3 exf3 39. Bd3+ Kg8 40. Bf5 {[%csl Gf5,Rg5,Rg8]})) 38. Kf4 {
[%csl Gf4] Der weiße König steht aktiv auf f4.} Rg5 39. Be2 Rf7 $6 (39... Rc2
$5 40. R4d2 Rxd2 41. Rxd2 Rc5) 40. Rd6 {[%csl Gd6,Gf4,Rg5,Rg6][%cal Gd6g6]
Weiß fesselt den Springer auf f6.} Rc5 41. Bb5 {[%csl Gb5][%cal Rb5e8,Re8g6]}
Re7 (41... Kh7 42. Rh1+ Kg8 43. Rd8+ Rf8 44. Rh8+ Kxh8 45. Rxf8+ Kh7 46. Rf7
$14) 42. R1d2 {[%csl Gb5,Gd2,Gd6,Rg6] Weiß hat gute Figurenkoordination. Der
schwarze König befindet sich früher oder später in der Gefahrenzone.} Ree5 {
Schwarz verhindert die Möglichkeit g4-g5.} 43. Rd8 Kf7 44. Ra8 {[%csl Ra7,Ga8,
Rf7]} g5+ {Der Textzug schwächt die schwarze Königsstellung.} (44... Re7 45. g5
$36) 45. Kg3 {[%csl Rf7]} Re7 46. Rd1 {[%cal Gd1h1,Gh1h8] Weiß kann jetzt auch
über die h-Linie eindringen.} Kg7 47. Rh1 Rcc7 48. Rd1 Rc5 49. Ba6 Rcc7 (49...
Ra5 $6 50. Bb5 {[%csl Ra5,Gb5]}) 50. Rdd8 {[%csl Ga6,Ga8,Gd8]} Rc1 51. Bc8 $1 {
[%csl Yf5][%cal Gc8f5]} Rc4 52. a5 $1 {Mit diesem zeitweiligen Bauernopfer
schwächt Weiß den schwarzen Damenflügel.} bxa5 53. Rd6 {[%csl Ra5,Ra7][%cal
Gd6a6]} Rcc7 (53... a4 54. Ra6 Rec7 55. Bf5 $36) 54. Bf5 {[%csl Ga8,Gd6,Gf5,
Rg7]} Re5 55. Ra6 {Schwarz hat schwache Bauern und ist ohne Gegenspiel.} Ree7
56. Rxa5 $16 {[%csl Ga5,Ga8,Gf5,Rg5,Rg7]} Kf7 57. Rd8 Rc4 $6 (57... Kg7 $18)
58. Rd6 {[%csl Ga5,Gd6][%cal Ra5a6,Ra6h6] Die Herrschaft über die 6. Reihe
entscheidet die Partie.} Kg7 (58... Rcc7 59. Raa6 $16 {[%csl Rf6,Rf7][%cal
Ra6h6]}) 59. Be6 $18 {[%csl Rg7][%cal Re6c4,Ra5g5] Und Schwarz gab auf, denn
er verliert Material und sein König findet keine Ruhe.} (59. Be6 Rcc7 60. Rxg5+
Kh6 61. Ra5 {[%csl Rh6][%cal Rg4g5]}) 1-0

[Event "POL-ch"]
[Site "Warsaw"]
[Date "2004.04.26"]
[Round "3"]
[White "Krasenkow, Michal"]
[Black "Macieja, Bartlomiej"]
[Result "1-0"]
[WhiteElo "2609"]
[BlackElo "2633"]
[Annotator "Ribli,Z"]
[PlyCount "83"]
[EventDate "2004.04.24"]
[EventType "tourn"]
[EventRounds "13"]
[EventCountry "POL"]
[EventCategory "12"]
[SourceTitle "CBM 101"]
[Source "ChessBase"]
[SourceDate "2004.07.27"]
[SourceVersion "1"]
[SourceVersionDate "2004.07.27"]
[SourceQuality "1"]

1. Nf3 c5 2. c4 Nf6 3. Nc3 Nc6 4. d4 cxd4 5. Nxd4 e6 6. a3 Nxd4 (6... Be7) (
6... Bc5 7. Nb3 Be7) 7. Qxd4 b6 {Diese Variante war eine wichtiges Thema des
Wettkampfes Kortschnoj-Sax, Wijk aan Zee 1991, diese Zugfolge gab es dort
nicht weniger als dreimal.} 8. Qf4 {Das ist die chancenreichste Fortsetzung
für Weiß, 8.Bf4 und 8.e4 sind auch möglich.} Ba6 {Ist das eine zu Hause
vorbereite Neuerung oder nur Improvisation auf dem Brett? Die traditionelle
Läuferentwicklung nach b7 scheint mir besser zu sein. Die Idee des Textzuges
ist, dass Schwarz den c4-Bauern so schnell wie möglich angreifen möchte.} (8...
Bb7 9. e4 d6 10. Bd3 {Jetzt haben wir eine Igelstellung auf dem Brett. Weiß
kontrolliert mehr Raum, aber die schwarze Stellung ist solide.} (10. Be2 Be7
11. O-O O-O 12. Rd1 a6 13. e5 (13. b3 $142 {[%cal Gc1b2]}) 13... dxe5 14. Qxe5
Qc8 15. Be3 Bc6 16. Qg3 Qb7 17. Bh6 Ne8 18. Bf4 Bf6 19. Rac1 b5 {0-1 Chuchelov,
V-Georgiev,K/Mainz 2002/CBM 89 ext (46)}) 10... Nd7 $5 $146 {[%cal Gd7e5,Gd7c5]
} (10... Be7 11. Qg3 $1 O-O 12. Bh6 Ne8 13. Bd2 a6 14. O-O {1-0 Zvjaginsev,
V-Balashov,Y/Togliatti 2003/CBM 94 ext (36)}) 11. Qg3 a6 12. O-O g6 (12... Qc7
13. Be3 g6 $6 {Dieser Zug gefällt mir nicht - es wäre besser 13...Ne5 zu
spielen.} 14. Bd4 $1 $14 {1-0 Vallejo Pons,F-Karjakin,S/Dos Hermanas 2003/CBM
95/[Ribli] (37)}) 13. Bf4 {[%cal Gg3d6]} Qc7 (13... h5 $5 14. Rfd1 h4 $13) 14.
Bc2 (14. Rad1 $5) 14... h5 $5 {[%cal Gh5h4,Gh4g3]} 15. Ba4 {[%cal Ga4e8]} Bc6 (
15... h4 $6) 16. Bxc6 Qxc6 $11 {0-1 Lautier,J-Topalov,V/Cannes 2002/CBM 88/
[Ribli] (41)}) (8... Be7 9. e4 d6 10. Qg3 O-O 11. Bh6 Ne8 12. Bf4 $5 (12. Bd2
Nf6 13. Bh6 (13. Bd3) 13... Ne8 14. Bd2 {1/2-1/2 Nogueiras,J-Hansen,C/Istanbul
2000/EXT 2001 (14)}) 12... e5 13. Bd2 f5 14. Qd3 Be6 15. exf5 Bxf5 16. Qe3 Nf6
17. Be2 Rc8 18. O-O {1-0 Nogueiras,J-Caceres Cortes,J/Montreal 2002/CBM 89 ext
(28)}) (8... d6 9. e4 Nd7 10. Qg3 Ba6 $2 (10... a6 $142 11. b4 $140 Bb7 12. Bb2
Rc8 13. Rd1 Ne5 $132) 11. Bg5 $1 Qc7 12. Rc1 Rc8 13. Be2 {1-0 Avrukh,
B-Sutovsky,E/Tel Aviv 2002/CBM 93/[Avrukh,B] (42)}) 9. e4 Rc8 10. e5 Ng8 11. b3
f5 $6 {Dieser Zug ist zu langsam, es wäre besser die Entwicklung mit 11...Ne7
fortzusetzen.} (11... Ne7 12. Bb2 Ng6 13. Qg3 Qh4 14. Qxh4 Nxh4 15. O-O-O $13)
12. h4 (12. exf6 Qxf6 $132) 12... d6 (12... Ne7 13. h5 $14) 13. Bb2 Qc7 $2 {
[%mdl 8192] Der unglückliche 13. Zug! Schwarz möchte den Zug 14.exd6
provozieren.} (13... dxe5 14. Qxe5 Qf6 15. Nb5 Qxe5+ 16. Bxe5 Bxb5 17. cxb5 Nf6
18. Bc4 Kf7 $14) {[#]} 14. c5 $1 $16 {[%mdl 64] Mit diesem Zwischenzug gewinnt
Weiß einen Schlüsselbauern und eigentlich auch schon die Partie.} Bxf1 (14...
dxe5 15. Qa4+ $18) 15. cxd6 Qd7 16. Kxf1 {Es gibt keine Kompensation für
Schwarz und noch dazu stehen seine Figuren am Königsflügel katastrophal
schlecht.} Nh6 {Das ist die einzige Entwicklungsmöglichkeit.} 17. Rc1 Nf7 18.
Ne2 Rxc1+ 19. Qxc1 g6 20. Rh3 $1 {[%cal Gh3c3,Gc1c8]} Bg7 21. Rc3 O-O (21...
Bxe5 22. Rc8+ $18) 22. f4 $18 {[%csl Rg7] Nun sind die schwarzen Figuren am
Königsflügel eingeschlossen. Schwarz könnte hier ruhig aufgegeben...} Qb5 23.
Qc2 h6 24. Kg1 Qd5 (24... g5 25. Nd4 Qd5 26. Nc6 $18) 25. Qd3 Nxd6 26. Qxd5 (
26. exd6 $2 Qxd3 27. Rxd3 Bxb2 $132) 26... exd5 27. exd6 Bxc3 28. Bxc3 {
Das Endspiel mit zwei Leichtfiguren gegen den Turm ist leicht gewonnen für
Weiß, denn der d6P paralysiert die ganze schwarze Stellung.} Kf7 29. Be5 Ke6
30. Nd4+ Kd7 31. h5 $1 gxh5 32. Kh2 {[%cal Gh2h3,Gh3h4,Gh4h5]} h4 33. Kh3 Rg8
34. Nxf5 b5 35. Nd4 a6 36. f5 Re8 37. f6 a5 (37... Rxe5 38. f7 $18) 38. Kg4
Rg8+ 39. Kf5 Rg5+ 40. Kf4 Ke8 41. d7+ Kxd7 42. f7 1-0

[Event "Interzonal-14a"]
[Site "Subotica"]
[Date "1987.??.??"]
[Round "1"]
[White "Ribli, Zoltan"]
[Black "Ernst, Thomas"]
[Result "1-0"]
[WhiteElo "2580"]
[BlackElo "2465"]
[Annotator "Ribli,Z"]
[PlyCount "71"]
[EventDate "1987.06.??"]
[EventType "tourn"]
[EventRounds "17"]
[EventCountry "YUG"]
[EventCategory "11"]
[SourceTitle "CBM 003"]
[Source "ChessBase"]
[SourceDate "1988.04.01"]
[SourceVersion "1"]
[SourceVersionDate "1988.04.01"]
[SourceQuality "1"]

1. d4 Nf6 2. Nf3 e6 3. c4 c5 4. Nc3 cxd4 5. Nxd4 Nc6 6. g3 Bb4 7. Bg2 O-O 8.
O-O Qe7 9. Nc2 Bxc3 10. bxc3 Rd8 11. Ba3 d6 12. Qd2 $1 (12. Nd4) 12... Qc7 13.
Rfd1 d5 14. Ne3 $1 dxc4 (14... d4 $2 15. Bxc6 Qxc6 16. cxd4 b6 17. d5 $16) 15.
Bd6 Qb6 (15... Qa5 16. Qb2 $44) 16. Rab1 Qa6 17. Qb2 $44 Nd5 $6 (17... Ne8 18.
Ba3 $44) 18. Nxd5 (18. Bxd5 exd5 19. Nxd5 Bf5 (19... Rxd6 $2 20. Nc7 Rxd1+ 21.
Rxd1 Qa4 22. Qd2 $1 $18) 20. Nc7 Qa4 21. Nxa8 Bxb1 22. Rxb1 Rxd6 23. Qxb7 Qxa2
$14) 18... exd5 19. Bc7 $1 (19. Rxd5 Be6 20. Rd2 Rd7 {/\ Rad8=}) 19... Re8 (
19... Rd7 20. Bxd5 $1 Rxc7 21. Bxc6 $18) 20. Rxd5 Bg4 21. Qxb7 (21. Rd2 $5 {
/\ Qb7 +/-}) 21... Qxa2 22. Rg5 (22. Rdb5 $1 Ne7 23. Bd6 $1 Ng6 24. Qxa8 $1
Rxa8 25. Rb8+ Nf8 26. Bxa8 $18) 22... Rac8 $1 (22... Bd7 23. Rd1 $18) 23. Rf1
$1 (23. Bxc6 Rxc7 24. Qxc7 Qxb1+ 25. Kg2 Bxe2 26. Kh3 $13) 23... Bxe2 (23...
Re7 24. Qxc6 Be6 (24... Rexc7 25. Qf6 $18) 25. Ra5 $1 $18) 24. Qxc6 Bxf1 25.
Bxf1 Re6 26. Qd7 Rce8 27. Qd4 $1 g6 28. Re5 $1 $18 Qa6 29. Bxc4 Qa1+ 30. Bf1
Rxe5 31. Bxe5 Qc1 32. Qxa7 Qb1 33. Qd4 Qc1 34. c4 Qg5 35. Bf4 Qe7 36. c5 1-0